00778nam a2200193 a 450000100100000000500170001000800410002702000150006804000250008308200150010810000410012324501000016426000340026430000210029850000740031971000600039395201140045399900170056700004187420201002035815.0131018s1996 sp 000 0 spa d a8400076176 aDO-SdBNPbspacBNPHU axxxbH557p1 aHernández Juberías, Julia96876113aLa Península imaginaria :bMitos y Leyendas sobre Al-Andalus /cJulia Hernández Juberías. aMadrid :bC. S. I. C.,c1996. a387 p. ;c25 cm. aIncluye referencias bibliográficas y notas al pie de las páginas.2 aConsejo Superior de Investigaciones Científicas94786 0010507-18MOaGRbGRcOId2013-10-18iLF1l0oxxx H557pp41874-10r2020-06-25w2020-06-25y1ZNo se presta c41363d41363